01823 a2200181 45000010006000000050017000060080041000230030015000640400040000790800066001192450061001852500012002462640027002583000019002855051302003040410008016061000027016145454720260407155819.0260407a1965 arg spa dAR-UNSa-BCEJYS aAR-UNSa-BCEJYSbspacAR-UNSa-BCEJYS a338.26xPlanes económicos. Planificación de la economía10aProblemas teóricos y prácticos de la planificación a2a. ed. 1aMadrid :bTecnosc1965 a440 p.c23 cm. aPrimera Parte: LA PRACTICA DE LA PLANIFICACION: 1. El marco de la planificación soviética – 2. Los planes y los métodos de elaboración – 3. La planificación de los precios, de los salarios y el comercio exterior – 4. La ejecución de los planes de producción y los resultados de la planificación soviética – 5. Visión general de los resultados de la planificación en Hungría, Polonia y Checoslovaquia – 6. Intervencionismo y dirigismo – 7. Planificación “flexible”, programación y métodos de los balances - - Segunda Parte: LA TEORIA DE LA PLANIFICACION: 1. Decisión centralizada o decisión descentralizada – 2. La decisión de producción en el seno de una economía planificada y el problema del valor – 3. La decisión económica y la determinación de las necesidades – 4. Dinero y calculo monetario – 5. Precios y beneficios – 6. Determinación de la técnica más ventajosa – 7. Las riquezas naturales y el cálculo económico – 8. El problema general del equilibrio económico – 9. El equilibrio entre la producción y el consumo en estática – 10. El equilibrio entre la producción y el consumo de dinámica – 11. La planificación del comercio exterior y los problemas del equilibrio y de los precios. aspa1 aBettelheim, Charles O.